Southville International School and Colleges
Your cart is empty.
  • Cart
  • Lists
    Public lists Eva Luna New books Lux_list list_1
    Your lists Log in to create your own lists
  • Log in to your account
  • Your cookies
  • Search history
Southville International School and Colleges
  • Advanced search
  • Recent comments
  • Most popular
  • Libraries

Log in to your account

Log in with GOOGLE


If you do not have an external account, but do have a local account, you can still log in:

  1. Home
  2. MARC view: Play school /
Normal view MARC view ISBD view

Play school / (Record no. 113594)

[ view plain ]
MARC details
000 -LEADER
fixed length control field 00409nam a2200169 a 4500
001 - CONTROL NUMBER
control field 0545
005 - DATE AND TIME OF LATEST TRANSACTION
control field 20140414132029.0
008 - FIXED-LENGTH DATA ELEMENTS--GENERAL INFORMATION
fixed length control field 040201s19uu xx 00 eng d
020 ## - INTERNATIONAL STANDARD BOOK NUMBER
International Standard Book Number 0-7445-0040-0
050 ## - LIBRARY OF CONGRESS CALL NUMBER
Classification number TR
Item number P69 1983
100 ## - MAIN ENTRY--PERSONAL NAME
Personal name Oxenbury, Helen
245 ## - TITLE STATEMENT
Title Play school /
Statement of responsibility, etc Helen Oxenbury.
260 ## - PUBLICATION, DISTRIBUTION, ETC. (IMPRINT)
Place of publication, distribution, etc Italy :
Name of publisher, distributor, etc Walker Books,
Date of publication, distribution, etc 1983.
300 ## - PHYSICAL DESCRIPTION
Extent p. ; cm.
500 ## - GENERAL NOTE
General note TR/PS
Holdings
Withdrawn status Lost status Damaged status Use restrictions Home library Current library Shelving location Date acquired Source of acquisition Total Checkouts Full call number Barcode Date last seen Price effective from Koha item type
        Munich Library Munich Library Teachers Reference Section 02/01/2004     TR P69 1983 M5187 04/14/2014 04/14/2014 Books

Play school /

APA

Oxenbury H., . (1983). Play school. Italy: Walker Books.

Chicago

Oxenbury Helen, . 1983. Play school. Italy: Walker Books.

Harvard

Oxenbury H., . (1983). Play school. Italy: Walker Books.

MLA

Oxenbury Helen, . Play school. Italy: Walker Books. 1983.

  • Place hold
  • Print
  • Cite
  • Add to your cart (remove)
  • Save record
    BIBTEX Dublin Core MARCXML MARC (non-Unicode/MARC-8) MARC (Unicode/UTF-8) MARC (Unicode/UTF-8, Standard) MODS (XML) RIS
  • More searches
    Search for this title in:
    Other Libraries (WorldCat) Other Databases (Google Scholar) Online Stores (Bookfinder.com) Open Library (openlibrary.org)

Exporting to Dublin Core...

SOUTHVILLE LIBRARY

Southville International School and Colleges Library

1281 Tropical Ave. Cor. Luxembourg St., BF Homes International, Las Pinas City

Tel. No. 8256374 / 252358 Loc. 117/146

Powered by Koha